000 01897nam a2200361 a 4500
001 BRCA_3046
005 20190320204101.0
008 220109s1774----ne-a---###---#000-0#fre-u
041 _afre
044 _afr
084 _a352
_b.B548
_c1774
100 1 _aCervantes Saavedra, Miguel de
_d1547-1616
_9213
245 1 0 _aLes Principales Aventures de L´Admirable Don Quichotte
_cMiguel de Cervantes Saavedra.
260 _aLa Haye (Holanda)
_bBleuet
_c1774
300 _a2 v.
_bil.
_c19 cm.
500 _aContenido : v 1. Aviso al lector. Advertencia. Texto explicativo con láminas. -- v 2. Texto explicativo con láminas
500 _aEdición : Representées en Figures par Coypel, Picart le Romain, et autres habile Maitres avec les explications des 31 planches de cette magnifique collection. Tirees de l´Original espagnol de Miguel de Cervantes
500 _aCopia reducida a menor tamaño de la gran edición impresa en 1746, en la misma ciudad, para que el público pudiese disfrutar de la copia de aquella edición que se había hecho rara y de excesivo precio. Lomos y tapas con adornos dorados Lúdovik Osterc
500 _aEstado físico : El volumen uno de esta edición presenta ligeramente desprendida la cubierta
500 _aIncluye índice : De láminas
500 _aQM275
546 _aTexto en : francés
650 1 4 _aNovela española
_yÉpoca clásica, 1500-1700
_9215
650 1 4 _aLiteratura española
_yÉpoca clásica, 1500-1700
_9216
650 1 4 _aNovela española
_ySiglo XVII
_9217
650 1 4 _aDon Quijote (Personaje ficticio)
_eNovela
_9218
700 1 _aSaint-Martin, Francois Filleau de
_d1632-1695
_eTraductor
_98360
700 1 _aCoypel, Charles-Antone
_d1694-1752
_eIlustrador
_98361
700 1 _aPicart Le Romain, Bernard
_d1673-1733
_eIlustrador
_98362
740 0 _aEl Ingenioso Hidalgo Don Quijote de la Mancha
902 _aQFM
942 _2lcc
_cB
999 _c2782
_d2782